<?xml version="1.0" encoding="UTF-8"?>
<record
    xmlns:xsi="http://www.w3.org/2001/XMLSchema-instance"
    xsi:schemaLocation="http://www.loc.gov/MARC21/slim http://www.loc.gov/standards/marcxml/schema/MARC21slim.xsd"
    xmlns="http://www.loc.gov/MARC21/slim">

  <leader>01064nam a22001937a 4500</leader>
  <controlfield tag="005">20231006121602.0</controlfield>
  <datafield tag="010" ind1=" " ind2=" ">
    <subfield code="a">B-750245-248                HIN-125769</subfield>
  </datafield>
  <datafield tag="020" ind1=" " ind2=" ">
    <subfield code="c">450.00</subfield>
    <subfield code="a">9788188559855</subfield>
  </datafield>
  <datafield tag="035" ind1=" " ind2=" ">
    <subfield code="a">B-750245-248                              HN-98115</subfield>
  </datafield>
  <datafield tag="037" ind1=" " ind2=" ">
    <subfield code="b">&#x92A;&#x941;&#x928;&#x940;&#x924; &#x92A;&#x94D;&#x930;&#x915;&#x93E;&#x936;&#x928;</subfield>
  </datafield>
  <datafield tag="082" ind1=" " ind2=" ">
    <subfield code="a">808.883</subfield>
  </datafield>
  <datafield tag="100" ind1=" " ind2=" ">
    <subfield code="a">&#x92E;&#x940;&#x923;&#x93E;,&#x915;&#x93F;&#x930;&#x94B;&#x921;&#x93C;&#x940;&#x932;&#x93E;&#x932;</subfield>
    <subfield code="9">57728</subfield>
  </datafield>
  <datafield tag="245" ind1=" " ind2=" ">
    <subfield code="a">&#x92F;&#x925;&#x93E;&#x930;&#x94D;&#x925;&#x935;&#x93E;&#x926;&#x940; &#x909;&#x92A;&#x928;&#x94D;&#x92F;&#x93E;&#x938; &#x914;&#x930; &#x909;&#x92A;&#x947;&#x928;&#x94D;&#x926;&#x94D;&#x930;&#x93E;&#x925; &#x905;&#x936;&#x94D;&#x915; /</subfield>
    <subfield code="c">&#x915;&#x93F;&#x930;&#x94B;&#x921;&#x93C;&#x940;&#x932;&#x93E;&#x932; &#x92E;&#x940;&#x923;&#x93E;</subfield>
  </datafield>
  <datafield tag="260" ind1=" " ind2=" ">
    <subfield code="a">&#x91C;&#x92F;&#x92A;&#x941;&#x930;</subfield>
    <subfield code="b">&#x92A;&#x941;&#x928;&#x940;&#x924; &#x92A;&#x94D;&#x930;&#x915;&#x93E;&#x936;&#x928;</subfield>
    <subfield code="c">2022</subfield>
  </datafield>
  <datafield tag="270" ind1=" " ind2=" ">
    <subfield code="a">&#x90F;-3 &#x915;&#x93E;&#x928;&#x94D;&#x924;&#x940; &#x928;&#x917;&#x930;</subfield>
    <subfield code="b">&#x91C;&#x92F;&#x92A;&#x941;&#x930;</subfield>
    <subfield code="e">6</subfield>
  </datafield>
  <datafield tag="300" ind1=" " ind2=" ">
    <subfield code="a">275&#x92A;&#x943;.</subfield>
    <subfield code="c">22&#x938;&#x947;&#x92E;&#x940; (&#x938;&#x91C;&#x93F;&#x932;&#x94D;&#x926;)</subfield>
  </datafield>
  <datafield tag="942" ind1=" " ind2=" ">
    <subfield code="2">ddc</subfield>
    <subfield code="c">HN</subfield>
    <subfield code="m">&#x92E;&#x940;&#x923;&#x93E;&#x915;&#x93F;</subfield>
    <subfield code="h">808.883</subfield>
  </datafield>
  <datafield tag="999" ind1=" " ind2=" ">
    <subfield code="c">194465</subfield>
    <subfield code="d">194465</subfield>
  </datafield>
  <datafield tag="952" ind1=" " ind2=" ">
    <subfield code="0">0</subfield>
    <subfield code="1">0</subfield>
    <subfield code="4">0</subfield>
    <subfield code="7">0</subfield>
    <subfield code="8">NFIC</subfield>
    <subfield code="a">L</subfield>
    <subfield code="b">L</subfield>
    <subfield code="d">2023-06-19</subfield>
    <subfield code="e">&#x92A;&#x941;&#x928;&#x940;&#x924; &#x92A;&#x94D;&#x930;&#x915;&#x93E;&#x936;&#x928;/726/28.12.22/244/22.12.22/31.1.23</subfield>
    <subfield code="g">450.00</subfield>
    <subfield code="l">0</subfield>
    <subfield code="o">808.883 &#x92E;&#x940;&#x923;&#x93E;&#x915;&#x93F;</subfield>
    <subfield code="p">B-750245</subfield>
    <subfield code="r">2023-06-19 00:00:00</subfield>
    <subfield code="t">1</subfield>
    <subfield code="v">450.00</subfield>
    <subfield code="w">2023-06-19</subfield>
    <subfield code="y">HN</subfield>
  </datafield>
  <datafield tag="952" ind1=" " ind2=" ">
    <subfield code="0">0</subfield>
    <subfield code="1">0</subfield>
    <subfield code="4">0</subfield>
    <subfield code="7">0</subfield>
    <subfield code="8">NFIC</subfield>
    <subfield code="a">AV</subfield>
    <subfield code="b">AV</subfield>
    <subfield code="d">2023-06-19</subfield>
    <subfield code="e">&#x92A;&#x941;&#x928;&#x940;&#x924; &#x92A;&#x94D;&#x930;&#x915;&#x93E;&#x936;&#x928;/726/28.12.22/244/22.12.22/31.1.23</subfield>
    <subfield code="g">450.00</subfield>
    <subfield code="l">0</subfield>
    <subfield code="o">808.883 &#x92E;&#x940;&#x923;&#x93E;&#x915;&#x93F;</subfield>
    <subfield code="p">B-750246</subfield>
    <subfield code="r">2023-06-19 00:00:00</subfield>
    <subfield code="t">1</subfield>
    <subfield code="v">450.00</subfield>
    <subfield code="y">HN</subfield>
  </datafield>
  <datafield tag="952" ind1=" " ind2=" ">
    <subfield code="0">0</subfield>
    <subfield code="1">0</subfield>
    <subfield code="4">0</subfield>
    <subfield code="7">0</subfield>
    <subfield code="8">NFIC</subfield>
    <subfield code="a">BL1</subfield>
    <subfield code="b">BL1</subfield>
    <subfield code="d">2023-06-19</subfield>
    <subfield code="e">&#x92A;&#x941;&#x928;&#x940;&#x924; &#x92A;&#x94D;&#x930;&#x915;&#x93E;&#x936;&#x928;/726/28.12.22/244/22.12.22/31.1.23</subfield>
    <subfield code="g">450.00</subfield>
    <subfield code="l">0</subfield>
    <subfield code="o">808.883 &#x92E;&#x940;&#x923;&#x93E;&#x915;&#x93F;</subfield>
    <subfield code="p">B-750247</subfield>
    <subfield code="r">2023-06-19 00:00:00</subfield>
    <subfield code="t">1</subfield>
    <subfield code="v">450.00</subfield>
    <subfield code="y">HN</subfield>
  </datafield>
  <datafield tag="952" ind1=" " ind2=" ">
    <subfield code="0">0</subfield>
    <subfield code="1">0</subfield>
    <subfield code="4">0</subfield>
    <subfield code="7">0</subfield>
    <subfield code="8">NFIC</subfield>
    <subfield code="a">CJ</subfield>
    <subfield code="b">CJ</subfield>
    <subfield code="d">2023-06-19</subfield>
    <subfield code="e">&#x92A;&#x941;&#x928;&#x940;&#x924; &#x92A;&#x94D;&#x930;&#x915;&#x93E;&#x936;&#x928;/726/28.12.22/244/22.12.22/31.1.23</subfield>
    <subfield code="g">450.00</subfield>
    <subfield code="l">0</subfield>
    <subfield code="o">808.883 &#x92E;&#x940;&#x923;&#x93E;&#x915;&#x93F;</subfield>
    <subfield code="p">B-750248</subfield>
    <subfield code="r">2023-06-19 00:00:00</subfield>
    <subfield code="t">1</subfield>
    <subfield code="v">450.00</subfield>
    <subfield code="y">HN</subfield>
  </datafield>
  <datafield tag="952" ind1=" " ind2=" ">
    <subfield code="0">0</subfield>
    <subfield code="1">0</subfield>
    <subfield code="4">0</subfield>
    <subfield code="7">0</subfield>
    <subfield code="8">NFIC</subfield>
    <subfield code="a">DBAD</subfield>
    <subfield code="b">M</subfield>
    <subfield code="d">2023-09-01</subfield>
    <subfield code="e">DBAD/PUB</subfield>
    <subfield code="g">450.00</subfield>
    <subfield code="l">0</subfield>
    <subfield code="o"> 808.883 &#x92E;&#x940;&#x923;&#x93E;&#x915;&#x93F;</subfield>
    <subfield code="p">HN-98115</subfield>
    <subfield code="r">2023-09-01 00:00:00</subfield>
    <subfield code="t">1</subfield>
    <subfield code="v">450.00</subfield>
    <subfield code="w">2023-09-01</subfield>
    <subfield code="y">HN</subfield>
  </datafield>
</record>
